000 00224 a2200097 4500
001 37418
100 _aHemingway Ernest
245 _aA farewell to Arms
260 _aNew Delhi
_bSurjeet Publishers
_c
090 _c23886
_d23886
942 _aNUST-CAE
_cM
_c15431
999 _c272491
_d272491